000 01557nam a22002537a 4500
999 _c489
_d489
003 OSt
005 20190606212801.0
008 160321b xxu||||| |||| 00| 0 esp d
040 _cDO-SdBHA
_aDO-SdBHA
_bspa
090 _aTG AAFFM
_b00397 2011
100 1 _aFéliz Segura, Héctor Valentín
_esustentante
245 1 0 _aCreación de un programa de auto gestión de servicios Aéreos en la Fuerza Aérea Dominicana /
_c Héctor Valentín Féliz Segura; Eric Sandy Marmolejos Armand, asesores Carlos Ramón Febrillet Rodríguez, Héctor Martinez
260 _aSanto Domingo Este :
_bINSUDE,
_c2011
300 _aix, 74 hojas, estadísticas
502 _aTrabajo de grado (Licenciatura en Ciencias Militares y Aeronáuticas). -- Instituto Superior para la Defensa (INSUDE). Academia Aérea Gral. De Brig. Pil. Frank A. Feliz Miranda, 2011.
504 _aIncluye referencias bibliográficas e índices
505 _aGeneralidades sobre Comando Aéreo de la Fuerza Aérea Dominicana. -- La autogestión de servicios. -- Servicios Aéreos, F.A.D. -- Propuesta de creación de un programa de autogestión de servicios Aéreos de la Fuerza Aérea Dominicana.
650 4 _aAutoayuda en servicios aéreos -- Fuerza Aérea Dominicana -- Creación
700 1 _aMarmolejos Armand, Eric Sandy
_esustentante
700 1 _aFebrillet Rodríguez, Carlos Ramón
_easesor
700 1 _aMartinez, Héctor
_easesor
830 _aINSUDE. Academia Aérea Gral. De Brig. Pil. Frank A. Feliz Miranda. Tesis y disertaciones académicas
942 _2CL
_cT